[Event "AUT-chT2O 2122"]
[Site "Austria"]
[Date "2022.04.02"]
[Round "10.2"]
[White "Wetscherek, Gerhard"]
[Black "Lucaci, Marius"]
[Result "0-1"]
[WhiteElo "2114"]
[BlackElo "2130"]
[PlyCount "64"]
[EventDate "2021.10.16"]
[EventType "team-tourn"]
[EventRounds "11"]
[EventCountry "AUT"]
[SourceTitle "EXT 2023"]
[Source "ChessBase"]
[SourceDate "2022.10.05"]
[SourceVersion "1"]
[SourceVersionDate "2022.10.05"]
[SourceQuality "1"]
[WhiteTeam "Ottakring"]
[BlackTeam "Pressbaum"]
[WhiteTeamCountry "AUT"]
[BlackTeamCountry "AUT"]

1. e4 e6 2. d4 d5 3. e5 c5 4. c3 Nc6 5. Nf3 Qb6 6. Be2 f6 7. 0-0 Bd7 8. b3 Rc8 9. Be3 cxd4 10. Bxd4 Nxd4 11. cxd4 Be7 12. Qd3 Nh6 13. Nbd2 0-0 14. Rfc1 a6 15. Nf1 fxe5 16. dxe5 Ng4 17. Ne3 Nxe3 18. Rxc8 Rxc8 19. fxe3 Bb4 20. Kf2 Bb5 21. Qd4 Bc5 22. Qd2 Bxe2 23. Kxe2 Bb4 24. Qd1 Rc3 25. Nd4 Qc7 26. a3 Bc5 27. Qd2 Bxd4 28. Qxd4 Rxb3 29. Kf2 Qc2+ 30. Kf3 Rb2 31. g3 Qf2+ 32. Kg4 Qf5+ 0-1

[Event "AUT-chT2O 2122"]
[Site "Austria"]
[Date "2021.10.17"]
[Round "2.4"]
[White "Alvir, Aco"]
[Black "Lucaci, Marius"]
[Result "1-0"]
[WhiteElo "2340"]
[BlackElo "2130"]
[PlyCount "135"]
[EventDate "2021.10.16"]
[EventType "team-tourn"]
[EventRounds "11"]
[EventCountry "AUT"]
[SourceTitle "CBM 204 Extra"]
[Source "ChessBase"]
[SourceDate "2021.11.30"]
[SourceVersion "1"]
[SourceVersionDate "2021.11.30"]
[SourceQuality "1"]
[WhiteTeam "Pamhagen II"]
[BlackTeam "Pressbaum"]
[WhiteTeamCountry "AUT"]
[BlackTeamCountry "AUT"]

1. e4 e6 2. d4 d5 3. Nc3 Nf6 4. Bg5 Be7 5. e5 Nfd7 6. Bxe7 Qxe7 7. f4 0-0 8. Nf3 c5 9. dxc5 Qxc5 10. Qd4 Nc6 11. Qxc5 Nxc5 12. Bd3 b6 13. Bb5 Nb4 14. 0-0-0 Bd7 15. a3 Na2+ 16. Nxa2 Bxb5 17. Nc3 Bd7 18. Rhe1 Rac8 19. Re3 g6 20. Nd4 Kg7 21. Kb1 a6 22. Rd2 f5 23. exf6+ Rxf6 24. g3 Nb7 25. Rde2 Nd8 26. b3 Rc7 27. Nd1 Bc8 28. Nf2 h5 29. Kb2 Kf7 30. Nh3 Ke7 31. Ng5 Kd6 32. Rd2 Rc5 33. Ndf3 Kc7 34. Ne5 Kb8 35. Nh7 Rf5 36. Nxg6 Rc7 37. Ng5 Rf6 38. Nh4 Nf7 39. Nxf7 Rcxf7 40. Re5 Rh6 41. Rg5 Kb7 42. Re2 Bd7 43. Ree5 Rfh7 44. Rg8 Rf7 45. Reg5 Bb5 46. Nf3 Be2 47. Nd4 Bg4 48. Kc3 Rc7+ 49. Kd2 Bh3 50. R8g6 Rxg6 51. Rxg6 Re7 52. Rg5 Bg4 53. Ke3 Kc7 54. Kf2 Kd6 55. h3 Bxh3 56. Rxh5 Bg4 57. Rg5 Kc5 58. Ke3 Bh3 59. c3 Kd6 60. Rg6 Kc7 61. Nf3 Bf5 62. Rg8 Bh7 63. Rf8 Be4 64. Ne5 Bc2 65. b4 Rg7 66. g4 Bg6 67. Kd4 Kd6 68. Rc8 1-0

[Event "AUT-chT2O 1920"]
[Site "Austria"]
[Date "2020.02.29"]
[Round "8.5"]
[White "Hechl, Fabian"]
[Black "Lucaci, Marius"]
[Result "1-0"]
[WhiteElo "1978"]
[BlackElo "2149"]
[PlyCount "89"]
[EventDate "2019.10.19"]
[EventType "team-tourn"]
[EventRounds "11"]
[EventCountry "AUT"]
[SourceTitle "CBM 195 Extra"]
[Source "ChessBase"]
[SourceDate "2020.05.31"]
[SourceVersion "1"]
[SourceVersionDate "2020.05.31"]
[SourceQuality "1"]
[WhiteTeam "Donaustadt"]
[BlackTeam "Pressbaum"]
[WhiteTeamCountry "AUT"]
[BlackTeamCountry "AUT"]

1. e4 e6 2. d4 d5 3. Nd2 Nf6 4. e5 Nfd7 5. Bd3 c5 6. c3 Nc6 7. Ne2 Qb6 8. Nf3 f6 9. exf6 Nxf6 10. 0-0 cxd4 11. cxd4 Bd6 12. b3 0-0 13. Bf4 Bxf4 14. Nxf4 Ne4 15. Ne2 Bd7 16. Bxe4 dxe4 17. Ng5 Rad8 18. Nxe4 Be8 19. Ng5 Nxd4 20. Nxd4 Rxd4 21. Qe2 Rf6 22. Rac1 Bc6 23. Rc4 Rg6 24. Qh5 Rxg5 25. Qxg5 Rxc4 26. bxc4 Qd4 27. Qe3 Qxc4 28. Qxa7 h6 29. a3 Kh7 30. Qe3 Qd5 31. f3 Bb5 32. Rc1 Bc6 33. Re1 Qa2 34. Re2 Qa1+ 35. Kf2 Bd5 36. Qd3+ Kg8 37. Rc2 Bc6 38. Qd8+ Kh7 39. Qd3+ Kg8 40. Rc3 Qb2+ 41. Kg3 Qa1 42. Qe3 Kh7 43. Rc4 Qf6 44. a4 Qf5 45. Rxc6 1-0

[Event "AUT-chT2O 1920"]
[Site "Austria"]
[Date "2019.10.20"]
[Round "2.5"]
[White "Lucaci, Marius"]
[Black "Alvir, Aco"]
[Result "1/2-1/2"]
[WhiteElo "2149"]
[BlackElo "2338"]
[PlyCount "108"]
[EventDate "2019.10.19"]
[EventType "team-tourn"]
[EventRounds "11"]
[EventCountry "AUT"]
[SourceTitle "CBM 192 Extra"]
[Source "Chessbase"]
[SourceDate "2019.11.06"]
[SourceVersion "1"]
[SourceVersionDate "2019.11.06"]
[SourceQuality "1"]
[WhiteTeam "Pressbaum"]
[BlackTeam "Pamhagen"]
[WhiteTeamCountry "AUT"]
[BlackTeamCountry "AUT"]

1. e4 d6 2. d4 Nf6 3. Nc3 g6 4. f4 Bg7 5. Nf3 0-0 6. Be2 c5 7. dxc5 Qa5 8. Nd2 Qxc5 9. Nb3 Qc7 10. Be3 Nbd7 11. 0-0 b6 12. Bf3 Bb7 13. Qe2 Rac8 14. Rad1 Qb8 15. Bd4 e5 16. fxe5 Nxe5 17. Nd5 Nxd5 18. exd5 Rfe8 19. Qf2 Qc7 20. c3 Re7 21. Bxe5 Bxe5 22. Nd4 Bxd4 23. Rxd4 Rce8 24. a4 a5 25. Rfd1 Bc8 26. Qh4 Re5 27. Rc4 Qa7 28. Rc6 g5 29. Qd4 g4 30. Rxc8 gxf3 31. Rxe8+ Rxe8 32. Qg4+ Kf8 33. Qxf3 Re5 34. Qf6 Qc7 35. Qh8+ Ke7 36. Qxh7 Qc4 37. h3 Rxd5 38. Rxd5 Qxd5 39. Qh4+ f6 40. Qh7+ Kf8 41. Qc7 Qd1+ 42. Kh2 Qxa4 43. Qxd6+ Kf7 44. Qxb6 Qf4+ 45. Kh1 Qc1+ 46. Kh2 Qf4+ 47. Kg1 Qc1+ 48. Kf2 Qf4+ 49. Ke2 Qe4+ 50. Kf1 Qf4+ 51. Ke1 Qe4+ 52. Kf2 Qf4+ 53. Kg1 Qc1+ 54. Kh2 Qf4+ 1/2-1/2

[Event "AUT-chT2O 1718"]
[Site "Austria"]
[Date "2017.10.21"]
[Round "1.3"]
[White "Kuthan, Andreas"]
[Black "Lucaci, Marius"]
[Result "1/2-1/2"]
[WhiteElo "2215"]
[BlackElo "2173"]
[PlyCount "52"]
[EventDate "2017.10.21"]
[EventType "team-tourn"]
[EventRounds "11"]
[EventCountry "AUT"]
[SourceTitle "CBM 181 Extra"]
[Source "ChessBase"]
[SourceDate "2017.12.12"]
[SourceVersion "1"]
[SourceVersionDate "2017.12.12"]
[SourceQuality "1"]
[WhiteTeam "Pamhagen II"]
[BlackTeam "Pressbaum"]
[WhiteTeamCountry "AUT"]
[BlackTeamCountry "AUT"]

1. e4 e6 2. d4 d5 3. Nd2 Nf6 4. e5 Nfd7 5. Bd3 c5 6. c3 Nc6 7. Ne2 Qb6 8. Nf3 cxd4 9. cxd4 f6 10. exf6 Nxf6 11. 0-0 Bd6 12. b3 0-0 13. Bf4 Bxf4 14. Nxf4 Ne4 15. Ne2 Nf6 16. Qd2 Bd7 17. Rad1 Rae8 18. Bb1 Ne4 19. Qe3 Nf6 20. Qd2 e5 21. dxe5 Nxe5 22. Nxe5 Rxe5 23. Ng3 Bb5 24. Bd3 Bd7 25. Bb1 Bb5 26. Bd3 Bd7 1/2-1/2

[Event "AUT-chT2O 1617"]
[Site "Austria"]
[Date "2016.11.12"]
[Round "3.4"]
[White "Lucaci, Marius"]
[Black "Dittel, Herbert"]
[Result "1-0"]
[WhiteElo "2168"]
[BlackElo "2068"]
[PlyCount "81"]
[EventDate "2016.10.15"]
[EventType "team-tourn"]
[EventRounds "11"]
[EventCountry "AUT"]
[SourceTitle "CBM 175 Extra"]
[Source "ChessBase"]
[SourceDate "2016.12.12"]
[SourceVersion "1"]
[SourceVersionDate "2016.12.12"]
[SourceQuality "1"]
[WhiteTeam "Pressbaum"]
[BlackTeam "Bad Voeslau"]
[WhiteTeamCountry "AUT"]
[BlackTeamCountry "AUT"]

1. e4 c5 2. Nf3 d6 3. d4 cxd4 4. Nxd4 Nf6 5. Nc3 a6 6. a4 e5 7. Nf3 h6 8. Bd3 Be6 9. 0-0 Be7 10. b4 0-0 11. Qe2 Nc6 12. Ba3 Bg4 13. Qe3 Bxf3 14. Qxf3 Nd4 15. Qd1 Rc8 16. Bb2 Ne6 17. g3 Re8 18. Nd5 Nxd5 19. exd5 Nf8 20. Qg4 Nh7 21. Rae1 Nf6 22. Qf5 g6 23. Qh3 Bf8 24. Bc1 e4 25. Be2 Rxc2 26. Bxh6 Bxh6 27. Qxh6 Nxd5 28. b5 Nc3 29. Bd1 Nxd1 30. Rxd1 axb5 31. axb5 Qb6 32. Qf4 Qxb5 33. Rxd6 Qc5 34. Rd7 Re7 35. Rd8+ Kg7 36. Qh4 f5 37. Qh8+ Kf7 38. Qg8+ Kf6 39. Rf8+ Kg5 40. Qh8 Kg4 41. Kg2 1-0

[Event "AUT-chT2O 1516"]
[Site "Austria"]
[Date "2015.11.29"]
[Round "4.4"]
[White "Braun, Karl Heinz"]
[Black "Lucaci, Marius"]
[Result "0-1"]
[WhiteElo "2002"]
[BlackElo "2146"]
[PlyCount "92"]
[EventDate "2015.10.17"]
[EventType "team-tourn"]
[EventRounds "11"]
[EventCountry "AUT"]
[SourceTitle "EXT 2017"]
[Source "ChessBase"]
[SourceDate "2016.10.25"]
[SourceVersion "1"]
[SourceVersionDate "2016.10.25"]
[SourceQuality "1"]
[WhiteTeam "Mattersburg"]
[BlackTeam "Pressbaum"]
[WhiteTeamCountry "AUT"]
[BlackTeamCountry "AUT"]

1. e4 e6 2. d4 d5 3. Nc3 Nf6 4. Bg5 Be7 5. e5 Nfd7 6. Bxe7 Qxe7 7. Nb5 Nb6 8. c3 a6 9. Na3 c5 10. dxc5 Qxc5 11. Bd3 Nc6 12. Nf3 Nd7 13. Qe2 f6 14. exf6 Nxf6 15. 0-0 0-0 16. Ne5 Nxe5 17. Qxe5 Bd7 18. Nc2 Rae8 19. h3 Bb5 20. Bxb5 Qxb5 21. Rab1 Ne4 22. Nd4 Qc4 23. b3 Qxc3 24. Rbc1 Qd2 25. Rc7 Rf7 26. Rxf7 Kxf7 27. Qh5+ Ke7 28. Nf3 Qh6 29. Qe5 Rc8 30. Qb2 Qf6 31. Qa3+ Kf7 32. Qa4 Qe7 33. Qd4 Kg8 34. Qb6 h6 35. Nd4 e5 36. Nf5 Qd7 37. Qg6 Kh8 38. Rd1 Nc3 39. Re1 Rc6 40. Qh5 Ne4 41. g4 Ng5 42. Nh4 Nxh3+ 43. Kh2 Nf4 44. Qxe5 Qxg4 45. Qe7 Kh7 46. Rg1 Qh3# 0-1

[Event "AUT-chT2O 1516"]
[Site "Austria"]
[Date "2015.10.17"]
[Round "1.5"]
[White "Alvir, Aco"]
[Black "Lucaci, Marius"]
[Result "1/2-1/2"]
[WhiteElo "2368"]
[BlackElo "2146"]
[PlyCount "118"]
[EventDate "2015.10.17"]
[EventType "team-tourn"]
[EventRounds "11"]
[EventCountry "AUT"]
[SourceTitle "CBM 168 Extra"]
[Source "ChessBase"]
[SourceDate "2015.10.29"]
[SourceVersion "1"]
[SourceVersionDate "2015.10.29"]
[SourceQuality "1"]
[WhiteTeam "Pamhagen"]
[BlackTeam "Pressbaum"]
[WhiteTeamCountry "AUT"]
[BlackTeamCountry "AUT"]

1. e4 e6 2. d4 d5 3. Nc3 Nf6 4. Bg5 dxe4 5. Nxe4 Be7 6. Bxf6 Bxf6 7. Nf3 0-0 8. Qd2 b6 9. 0-0-0 Bb7 10. Qf4 c5 11. Nxf6+ Qxf6 12. Qxf6 gxf6 13. dxc5 bxc5 14. Bb5 a6 15. Ba4 Rc8 16. Nd2 c4 17. Rhe1 f5 18. Nb1 Kf8 19. g3 Nc6 20. Bxc6 Bxc6 21. Rd4 Bb5 22. Nc3 Rc5 23. Red1 Kg7 24. Rf4 Rac8 25. Rd6 R8c6 26. Rd8 Rc8 27. Rxc8 Rxc8 28. Rd4 Rc5 29. Kd2 Bc6 30. Rd8 Bb7 31. Nd1 f4 32. Rd4 e5 33. Rd6 fxg3 34. hxg3 Bc8 35. Kc3 a5 36. Ne3 Be6 37. a3 Kf6 38. Rd8 h6 39. Rb8 Kg5 40. Rg8+ Kh5 41. Rg7 Rc8 42. f4 exf4 43. gxf4 Rc5 44. a4 Kh4 45. Kd4 Rc7 46. f5 Bc8 47. f6 h5 48. Ng2+ Kh3 49. Nf4+ Kh4 50. Nd5 Rb7 51. Kc3 Bf5 52. Ne3 Bg6 53. Rg8 Kg5 54. Nd5 h4 55. Rh8 Bh5 56. Rg8+ Bg6 57. Rh8 Bh5 58. Rg8+ Kf5 59. Rh8 Kg5 1/2-1/2

[Event "Vienna Husek op-A"]
[Site "Vienna"]
[Date "2012.08.17"]
[Round "5"]
[White "Lucaci, Marius"]
[Black "Kucharski, Michael"]
[Result "1-0"]
[WhiteElo "2089"]
[BlackElo "1927"]
[PlyCount "71"]
[EventDate "2012.08.13"]
[EventType "swiss"]
[EventRounds "7"]
[EventCountry "AUT"]
[SourceTitle "EXT 2014"]
[Source "ChessBase"]
[SourceDate "2013.11.20"]
[SourceVersion "1"]
[SourceVersionDate "2013.11.20"]
[SourceQuality "1"]

1. e4 c6 2. d4 d5 3. exd5 cxd5 4. c4 Nf6 5. Nc3 e6 6. Nf3 Be7 7. Bf4 0-0 8. c5 b6 9. b4 Ne4 10. Nb5 a6 11. Bc7 Qe8 12. Nd6 Bxd6 13. cxd6 Bd7 14. Bd3 Nc6 15. a3 e5 16. 0-0 Bg4 17. dxe5 Nxe5 18. Re1 f5 19. Bxe4 dxe4 20. Qd5+ Nf7 21. Nd4 Qe5 22. Qxe5 Nxe5 23. Bxb6 Rac8 24. Bc7 Bh5 25. Ne6 Rf7 26. Nf4 Bg6 27. f3 Rcf8 28. fxe4 fxe4 29. Nxg6 Nxg6 30. Rxe4 Rd7 31. Rae1 h6 32. a4 Rf5 33. Re7 Rf7 34. Rxd7 Rxd7 35. b5 axb5 36. axb5 1-0

[Event "Vienna Kavalier op 6th"]
[Site "Vienna"]
[Date "2011.10.25"]
[Round "2"]
[White "Lucaci, Marius"]
[Black "Vrtiakova, Anna"]
[Result "0-1"]
[WhiteElo "2123"]
[BlackElo "1540"]
[PlyCount "92"]
[EventDate "2011.10.24"]
[EventType "swiss"]
[EventRounds "7"]
[EventCountry "AUT"]
[SourceTitle "EXT 2012"]
[Source "ChessBase"]
[SourceDate "2011.11.24"]
[SourceVersion "1"]
[SourceVersionDate "2011.11.24"]
[SourceQuality "1"]

1. e4 e5 2. Nf3 Nc6 3. Bc4 Nf6 4. d3 Bc5 5. 0-0 d6 6. h3 Be6 7. Bxe6 fxe6 8. c3 Bb6 9. Bg5 h6 10. Bh4 g5 11. Bg3 Qd7 12. Nbd2 a6 13. Re1 0-0-0 14. Nc4 Ba7 15. d4 exd4 16. cxd4 Nh5 17. Bh2 Nf4 18. Ne3 Rdg8 19. Ng4 Qf7 20. e5 dxe5 21. Ngxe5 Nxe5 22. Nxe5 Qf5 23. Rc1 Rd8 24. Rc4 Bb6 25. Qd2 Rhf8 26. Qe3 h5 27. Bg3 Rfe8 28. h4 Rf8 29. hxg5 Qxg5 30. Nd3 e5 31. Nxe5 Rde8 32. Qc1 h4 33. Bxf4 Qxf4 34. Qxf4 Rxf4 35. Rd1 Rxe5 36. f3 Rd5 37. Kh2 Rdxd4 38. Rdxd4 Rxd4 39. Rc2 Kd7 40. Kh3 Ke6 41. b3 Kf5 42. Re2 Bc5 43. g4+ hxg3 44. Kxg3 Bd6+ 45. Kf2 Bf4 46. Ke1 Rd3 0-1

[Event "Vienna op 17th"]
[Site "Vienna"]
[Date "2011.08.13"]
[Round "1"]
[White "Gleizerov, Evgeny"]
[Black "Lucaci, Marius"]
[Result "1-0"]
[WhiteElo "2590"]
[BlackElo "2112"]
[PlyCount "43"]
[EventDate "2011.08.13"]
[EventType "swiss"]
[EventRounds "9"]
[EventCountry "AUT"]
[SourceTitle "CBM 143 Extra"]
[Source "ChessBase"]
[SourceDate "2011.08.29"]
[SourceVersion "1"]
[SourceVersionDate "2011.08.29"]
[SourceQuality "1"]

1. d4 d5 2. c4 c6 3. Nf3 Nf6 4. Nc3 dxc4 5. a4 Bf5 6. e3 e6 7. Bxc4 Nbd7 8. 0-0 Be7 9. Qe2 Nb6 10. Bb3 Nbd5 11. Ne5 0-0 12. Rd1 Qb6 13. Bc4 Rfd8 14. g4 Bg6 15. h4 Nxc3 16. bxc3 Ne4 17. h5 Nxc3 18. Qf3 Bf6 19. hxg6 Bxe5 20. gxf7+ Kh8 21. Rd3 Qb4 22. dxe5 1-0

[Event "Niederoesterreich Landesliga 1011"]
[Site "Austria"]
[Date "2010.10.10"]
[Round "3"]
[White "Lampl, Gerald"]
[Black "Lucaci, Marius"]
[Result "1-0"]
[WhiteElo "2136"]
[BlackElo "2147"]
[PlyCount "58"]
[EventDate "2010.09.12"]
[EventType "team-tourn"]
[EventRounds "13"]
[EventCountry "AUT"]
[SourceTitle "EXT 2022"]
[Source "ChessBase"]
[SourceDate "2021.10.06"]
[SourceVersion "1"]
[SourceVersionDate "2021.10.06"]
[SourceQuality "1"]

1. d4 d5 2. c4 Nf6 3. Nf3 c6 4. cxd5 cxd5 5. Nc3 Nc6 6. Bf4 e6 7. e3 a6 8. Bd3 h6 9. h3 Bd6 10. Be5 Bxe5 11. Nxe5 Nxe5 12. dxe5 Nd7 13. Qa4 Qg5 14. f4 Qg3+ 15. Kd2 Qxg2+ 16. Ne2 0-0 17. Rhg1 Qf2 18. Raf1 Qh2 19. Qc2 f5 20. Rg3 Rf7 21. Rfg1 Nb6 22. b3 d4 23. e4 fxe4 24. Bxe4 d3 25. Qxd3 Bd7 26. R1g2 Qxg2 27. Bxg2 Rd8 28. Ke1 Nd5 29. Bxd5 Bc6 1-0

[Event "Niederoesterreich Landesliga 0910"]
[Site "Austria"]
[Date "2010.04.11"]
[Round "11"]
[White "Teuber, Andreas"]
[Black "Lucaci, Marius"]
[Result "1-0"]
[WhiteElo "2154"]
[BlackElo "2126"]
[PlyCount "87"]
[EventDate "2009.09.06"]
[EventType "team-tourn"]
[EventRounds "11"]
[EventCountry "AUT"]
[SourceTitle "EXT 2022"]
[Source "ChessBase"]
[SourceDate "2021.10.06"]
[SourceVersion "1"]
[SourceVersionDate "2021.10.06"]
[SourceQuality "1"]

1. d4 d5 2. Nf3 Nf6 3. e3 c6 4. c4 Bf5 5. cxd5 cxd5 6. Qb3 Qc7 7. Nc3 e6 8. Bd2 a6 9. Rc1 Nc6 10. Ne5 Bd6 11. Nxc6 bxc6 12. Na4 0-0 13. Qb6 Rfc8 14. Qxc7 Rxc7 15. Ba5 Rb7 16. Rxc6 Bb4+ 17. Bxb4 Rxb4 18. b3 a5 19. Be2 h5 20. 0-0 h4 21. Rfc1 Ra7 22. Rc8+ Kh7 23. R8c7 Rbb7 24. Rxb7 Rxb7 25. f3 g5 26. Kf2 Kg6 27. Rc5 Ra7 28. Bb5 g4 29. Be2 h3 30. Nc3 hxg2 31. Kxg2 gxf3+ 32. Bxf3 Bd3 33. Kg3 Ne8 34. Rc6 Nf6 35. Kf4 Nh5+ 36. Ke5 Ng7 37. Nxd5 f6+ 38. Nxf6 Bb5 39. Be4+ Kg5 40. Rc5 Be2 41. Bg2 a4 42. Ne4+ Kg6 43. b4 a3 44. Ng3 1-0

[Event "AUT-chT2O 0910"]
[Site "Austria"]
[Date "2010.03.28"]
[Round "9.2"]
[White "Wallner, Alfred"]
[Black "Lucaci, Marius"]
[Result "1-0"]
[WhiteElo "2285"]
[BlackElo "2153"]
[PlyCount "67"]
[EventDate "2009.10.17"]
[EventType "team-tourn"]
[EventRounds "11"]
[EventCountry "AUT"]
[SourceTitle "EXT 2011"]
[Source "ChessBase"]
[SourceDate "2010.11.26"]
[SourceVersion "1"]
[SourceVersionDate "2010.11.26"]
[SourceQuality "1"]
[WhiteTeam "Tschaturanga"]
[BlackTeam "Wiener Neustadt"]
[WhiteTeamCountry "AUT"]
[BlackTeamCountry "AUT"]

1. e4 e6 2. d4 d5 3. Nd2 Nf6 4. e5 Nfd7 5. c3 c5 6. Bd3 Nc6 7. Ne2 cxd4 8. cxd4 Qb6 9. Nf3 f6 10. exf6 Nxf6 11. 0-0 Bd6 12. b3 0-0 13. Bf4 Bxf4 14. Nxf4 Kh8 15. Ng5 Nxd4 16. Bxh7 g6 17. Nxg6+ Kg7 18. Nxf8 Kxf8 19. Qd3 Nf5 20. Bxf5 exf5 21. Qh3 Kg7 22. Qg3 Kf8 23. Qh4 Kg7 24. Rae1 Qd6 25. Re2 Bd7 26. Rfe1 Re8 27. Rxe8 Bxe8 28. Ne6+ Kf7 29. Qh6 Ne4 30. Ng5+ Ke7 31. Qh7+ Kf6 32. Qh6+ Bg6 33. h4 Qb4 34. Qh8+ 1-0

[Event "Niederoesterreich Landesliga 0910"]
[Site "Austria"]
[Date "2010.01.10"]
[Round "7"]
[White "Lucaci, Marius"]
[Black "Polsterer, Heinz"]
[Result "0-1"]
[WhiteElo "2126"]
[BlackElo "2026"]
[PlyCount "59"]
[EventDate "2009.09.06"]
[EventType "team-tourn"]
[EventRounds "11"]
[EventCountry "AUT"]
[SourceTitle "EXT 2022"]
[Source "ChessBase"]
[SourceDate "2021.10.06"]
[SourceVersion "1"]
[SourceVersionDate "2021.10.06"]
[SourceQuality "1"]

1. e4 e6 2. d4 d5 3. Nd2 Be7 4. Bd3 c5 5. exd5 exd5 6. dxc5 Bxc5 7. Nb3 Bb6 8. Qe2+ Ne7 9. Bg5 f6 10. Bf4 Nbc6 11. 0-0-0 0-0 12. c3 Bc7 13. Bg3 Bd7 14. Nf3 a5 15. Nc5 Re8 16. Ne6 Bxe6 17. Qxe6+ Kh8 18. Rhe1 Rc8 19. Bb1 a4 20. Bxc7 Qxc7 21. Rxd5 a3 22. b3 Nb4 23. Rh5 Qxc3+ 24. Kd1 Rcd8+ 25. Ke2 Ng6 26. Kf1 Rxe6 27. Rxe6 Kg8 28. Re1 Nc2 29. Bxc2 Qxc2 30. Rb5 0-1

[Event "Niederoesterreich Landesliga 0506"]
[Site "Austria"]
[Date "2005.09.18"]
[Round "1"]
[White "Batyte, Daiva"]
[Black "Lucaci, Marius"]
[Result "1/2-1/2"]
[WhiteElo "2180"]
[BlackElo "2153"]
[PlyCount "54"]
[EventDate "2005.09.18"]
[EventType "team-tourn"]
[EventRounds "13"]
[EventCountry "AUT"]
[SourceTitle "EXT 2022"]
[Source "ChessBase"]
[SourceDate "2021.10.06"]
[SourceVersion "1"]
[SourceVersionDate "2021.10.06"]
[SourceQuality "1"]

1. e4 e6 2. d4 d5 3. exd5 exd5 4. Bd3 Bd6 5. Nf3 Nf6 6. 0-0 0-0 7. Ne5 c5 8. c3 Nc6 9. Bf4 cxd4 10. cxd4 Qb6 11. Nd7 Bxd7 12. Bxd6 Rfe8 13. Bc5 Qxb2 14. Na3 Nb4 15. Rb1 Qxa3 16. Rxb4 Qxa2 17. Rxb7 a6 18. Bd6 Bb5 19. Bxb5 axb5 20. Be5 Qa6 21. Rc7 Rac8 22. Rxc8 Rxc8 23. Qf3 Ne4 24. Qg4 f6 25. f3 fxe5 26. fxe4 Rf8 27. Rxf8+ Kxf8 1/2-1/2

[Event "Vienna op 14th"]
[Site "Vienna"]
[Date "2003.08.24"]
[Round "9"]
[White "Schwarhofer, Christopher"]
[Black "Lucaci, Marius"]
[Result "1/2-1/2"]
[WhiteElo "2015"]
[BlackElo "2148"]
[PlyCount "105"]
[EventDate "2003.08.16"]
[EventType "swiss"]
[EventRounds "9"]
[EventCountry "AUT"]
[SourceTitle "CBM 095 Extra"]
[Source "ChessBase"]
[SourceDate "2003.09.04"]
[SourceVersion "1"]
[SourceVersionDate "2003.09.04"]
[SourceQuality "1"]

1. e4 e6 2. d4 d5 3. Nd2 Nf6 4. e5 Nfd7 5. f4 c5 6. c3 Nc6 7. Ndf3 Qb6 8. Ne2 cxd4 9. cxd4 f6 10. g3 Be7 11. Bh3 Na5 12. 0-0 0-0 13. b3 Re8 14. Bd2 Nf8 15. Nc3 Nc6 16. Na4 Qd8 17. Rc1 Ba3 18. Rc3 Ng6 19. Rf2 Qe7 20. Qc2 Nb4 21. Qb1 f5 22. Bf1 Bd7 23. Nc5 Bc6 24. Ne1 Rec8 25. Nc2 Nxc2 26. Rxc2 b6 27. Nd3 Bb5 28. Ne1 Qd7 29. Rxc8+ Rxc8 30. b4 Bxf1 31. Rxf1 Qa4 32. Rf3 Ne7 33. Rb3 a5 34. Nc2 axb4 35. Nxb4 Nc6 36. Qc2 Bxb4 37. Bxb4 Na7 38. Qb1 Nb5 39. Qb2 Rc4 40. Be1 Nxd4 41. Rxb6 Rc2 42. Rb8+ Kf7 43. Qb4 Nf3+ 44. Kf1 Qxa2 45. Rb7+ Kg6 46. Rxg7+ Kxg7 47. Qe7+ Kg8 48. Qxe6+ Kg7 49. Qe7+ Kg8 50. Qe8+ Kg7 51. Qd7+ Kg6 52. Qe6+ Kg7 53. Qe7+ 1/2-1/2